Las bases ideológicas de la independencia partidista en México : actitudes, comportamiento político y decisión electoral /

Bibliographic Details
Main Author: Cisneros Yescas, Gerardo Isaac (Author)
Format: Electronic eBook
Language:Spanish
Published: Ciudad de México, México : El Colegio de México, 2023.
Edition:Primera edición electrónica.
Subjects:
Online Access:Digitalia Hispánica

MARC

LEADER 00000nam a2200000 i 4500
001 DIGCOLMX0519
003 NyNyDIG
006 m o d
007 cr |||||||||||
008 231209s2023 mx a ob 000 0 spa d
035 |a (OCoLC)1406019598 
040 |a DGITA  |b eng  |e rda  |e pn  |c DGITA 
020 |a 9786075645322  |q electrónica 
020 |z 9786075644417  |q impreso 
043 |a n-mx---  
050 1 4 |a JL1298.A1 ebook 
100 1 |a Cisneros Yescas, Gerardo Isaac,  |e author. 
245 1 4 |a Las bases ideológicas de la independencia partidista en México :  |b actitudes, comportamiento político y decisión electoral /  |c Isaac Cisneros Yescas. 
250 |a Primera edición electrónica. 
264 1 |a Ciudad de México, México :  |b El Colegio de México,  |c 2023. 
300 |a 1 online resource :  |b illustrations. 
336 |a text  |b txt  |2 rdacontent 
337 |a computer file  |b c  |2 rdamedia 
338 |a online resource  |b cr  |2 rdacarrier 
347 |a text file  |2 rdaft 
347 |b EPUB 
504 |a Includes bibliographical references. 
588 0 |a Online resource; title from ePub title page (Digitalia, viewed December 9, 2023) 
650 0 |a Political participation  |z Mexico. 
650 0 |a Political parties  |z Mexico. 
776 0 8 |i Print version:  |a Cisneros Yescas, Gerardo Isaac.  |t Bases ideológicas de la independencia partidista en México.  |b Primera edición impresa.  |d Ciudad de México, México : El Colegio de México, 2023  |z 9786075644417 
791 2 |a Digitalia (Firm),  |e distributor. 
793 0 |g Digitalia eBook Collection:  |a El Colegio de México 
856 4 0 |3 Digitalia Hispánica  |u https://www.digitaliapublishing.com/a/131888/ 
910 |a Premium collection: 2023